Riadenie vidieckeho cestovného ruchu diplomová práca

Gespeichert in:
Bibliographische Detailangaben
1. Verfasser: Denkova, Nikola
Körperschaft: Obchodná fakulta EU. Katedra cestovného ruchu
Weitere Verfasser: Michálková, Anna, 1968-
Format: Buch
Sprache:Slowakisch
Veröffentlicht: Bratislava 2025
Tags: Tag hinzufügen
Keine Tags, Fügen Sie das erste Tag hinzu!

MARC

LEADER 00000nbm a2200000 4500
001 0310349
005 20251118105127.8
041 0 |a slo 
044 |a SK 
245 1 0 |a Riadenie vidieckeho cestovného ruchu  |b diplomová práca  |c Nikola Denkova ; školiteľ: Anna Michálková 
264 1 |a Bratislava  |c 2025 
300 |a 74 s. 
100 1 |a Denkova, Nikola 
700 1 |a Michálková, Anna, 1968- 
710 2 |a Obchodná fakulta EU. Katedra cestovného ruchu